Paleoceanography

Αποθηκεύτηκε σε:
Λεπτομέρειες βιβλιογραφικής εγγραφής
Κύριος συγγραφέας: Schopf, Thomas J. M.
Μορφή: Βιβλίο
Γλώσσα:English
Δημοσίευση: Cambridge : Harvard University Press, c1980
Θέματα:
Ετικέτες: Προσθήκη ετικέτας
Δεν υπάρχουν, Καταχωρήστε ετικέτα πρώτοι!

MARC

LEADER 00000nam a2200000 i 4500
001 1/16882
008 980827s1980 eng d
020 |a 0-674-65215-0 
035 |l 10020357 
040 |a GR-MY-UA  |b gre  |e aacr 
041 0 |a eng 
082 0 |a 551.46 
100 1 |a Schopf, Thomas J. M. 
245 1 0 |a Paleoceanography /  |c Thomas J. M. Schopf 
260 |a Cambridge :   |b Harvard University Press,   |c c1980 
300 |a 341 p.  |b fig. 
504 |a Bibliography p.263-315; Includes indexes 
650 0 0 |a Submarine geology. 
650 0 0 |a Marine sediments. 
650 0 0 |a Oceanography. 
852 |a INST  |b LESVOS  |e 19980827  |h 551.46 SCH  |p 005100013024  |q 005100013024  |t BK  |y 0 
901 |a BIBL-1998-3 
909 |a Λ  |b 059081 
922 |a 1ΕΛΗ  |b 199808  |c ΚΠΣ/ΤΠ  |d ΠΑΠΑΣΩΤΗΡΙΟΥ 
950 |a 107-1998-06-03